(11) - 50 villes les plus peuplées de l'Aude (11) - Statistiques

Statistiques générales
  • Ce quiz a été pris 51 fois
  • Le résultat moyen est 18 sur 50
Statistiques - réponses
nombre d'habitant ville % Correct
56 692 Narbonne
97%
46 429 Carcassone
87%
12 212 Castelnaudary
87%
10 855 Lézignan-Corbières
82%
10 339 Limoux
79%
5 068 Gruissan
67%
5 882 Port-la-Nouvelle
64%
5 386 Trèbes
64%
4 070 Cuxac-d'Aude
56%
4 531 Leucate
56%
2 992 Quillan
56%
5 620 Sigean
54%
3 252 Bram
51%
5 762 Coursan
51%
4 071 Fleury
49%
4 434 Villemoustaussou
44%
2 116 Montréal
41%
3 280 Salles-d'Aude
41%
2 665 Vinassan
41%
3 104 Sallèles-d'Aude
38%
1 461 Capendu
33%
1 474 Armissan
31%
2 019 Saint-Marcel-sur-Aude
31%
1 571 Caunes-Minervois
28%
2 549 Conques-sur-Orbiel
28%
2 079 Moussan
28%
2 635 Ouveillan
28%
1 966 Rieux-Minervois
28%
1 637 Cazilhac
26%
1 477 Montredon-des-Corbières
26%
2 692 Palaja
23%
1 288 Portel-des-Corbières
23%
1 590 Alzonne
21%
1 695 Espéraza
21%
2 875 Pennautier
21%
1 687 Villegailhenc
21%
1 749 Bizanet
18%
1 579 Ginestas
18%
2 104 Saint-Nazaire-d'Aude
18%
1 424 Villeneuve-la-Comptal
18%
1 292 Bize-Minervois
15%
1 598 Pezens
15%
1 389 Alairac
13%
1 572 Lavalette
13%
1 853 Canet
10%
1 339 Belpech
8%
1 318 Marcorignan
8%
1 400 Saint-André-de-Roquelongue
8%
1 889 Le Palme
3%
2 128 Angeliers
0%
Aucun quiz correspondant
Distribution des résultats
% des personnes avec chaque résultat
Percentile par nombre de réponses
Votre historique - résultats
Vous n’avez pas pris ce quiz